02743agaaa2200337 45000010005000000030009000050050017000140070009000310080040000400400023000800410013001031000059001161300078001752450301002532500022005542600094005763000033006705080181007035200803008845380016016875460013017036500065017167000057017817000076018387000071019147000071019857000077020569420012021339990019021459520241021644119IT-RoPAU20220918181222.0d cvaizq50131s9999||||xx ||| | || ||und|| aIT-RoPAUcIT-RoPAU aITALIANO aDi Diodato RobertogCodice regista SPICS: 55765936505 aCAMMINO DI DIO CONL'UOMO (IL) - FILOSOFIA GRECA E SAPIENZA EBRAICA936506 aCAMMINO DI DIO CONL'UOMO (IL) - FILOSOFIA GRECA E SAPIENZA EBRAICAcProdotto da: Telenova-Sat2000-Ita -- Sceneggiatura: Gianantonio Borgonovo, Primo Gironi -- Diretto da: Di Diodato RobertopCAMMINO DI DIO CONL'UOMO (IL) - FILOSOFIA GRECA E SAPIENZA EBRAICA (Rif. Codice opera principale : H4119) aEdizione Standard aMILANO (ITALIA)bMULTIMEDIA SAN PAOLO / g"2003 (1° ed.: 2003 ; Ed. Lingua Orig.: 2003)" aVHSbsonoro, col.c55 minuti a"Fotografia: Soetje Russo Melis; Montaggio: Maurizio Alba; Musica: AA.VV. ; Sceneggiatura: Gianantonio Borgonovo, Primo Gironi; Soggetto: Borgonovo Gianantonio -- Gironi Primo" a"""IL CAMMINO DI DIO CON L'UOMO"" E' LA PIU' RECENTE E APPROFONDITA INDAGINE SULLE PAGINE PIU' DIFFICILI E MENO CONOSCIUTE DELL'ANTICO TESTAMENTO. UNA SPECIE DI GRANDE QUARK CHE INTENDE AVVICINARE LA GENTE ALLA PAROLA DI DIO PER FARNE SCOPRIRE IL FASCINO ETERNO E MISTERIOSO. LE IMMAGINI SONO STATE GIRATE NEI LUOGHI PIU' IMPORTANTI E NEI SITI ARCHEOLOGICI PIU' ANTICHI E SUGGESTIVI DEL VICINO ANTICO ORIENTE. EPISODI DI QUESTA CASSETTA N.36: 1. IL FENOMENO DELL'ELLENISMO; 2. ALESSANDRO MAGNO; 3. LA STORIA SECONDO I LIBRI DEIMACCABEI; 4. IL LIBRO DI DANIELE; 5. LA VERSIONE GRECA DELLA BIBBIA DEI SETTANTA; 6. I LIBRI SAPIENZIALI; 7. LA SAPIENZA NEI TESTI EXTRABIBLICI; 8. GIOBBE; 9. I PROVERBI; 10. IL CANTICO PIU' BELLO; 11. ESTER COME ISTAR. FILMA COLORI, DISTRIBUITO DA MULTIMEDIA SAN PAOLO." aPAL, STEREO aITALIANO aDOCUMENTARIOeFILMS [VHS]xCodice MATERIA SPICS: 9960934095 aAA.VV. e(musica)gCodice Musica SPICS: 12000936507 aBorgonovo Gianantonio e(soggetto)gCodice Soggetto SPICS: 57465936508 aDi Diodato Roberto e(regista)gCodice regista SPICS: 55765936509 aGironi Primo e(soggetto)gCodice Soggetto 2° SPICS: 34827936510 aGiuliani Stefaniae(regista)gCodice secondo regista SPICS: 57464936511 cVH2ddc c104580d104580 0010406H_4119_00000000000000071aSPICSbSPICSd2015-01-31l0oH4119r2015-01-31 00:00:00w2015-01-31yVHzProgr. Ins.: 3109 / N.Vol.:1 / Copie: 1 / Pag.:0 / Copia rara: n.d. / date import: 1.2.2015 / By Epidotti, Trombetti, Vaglietti